Sehnsucht nach Preußen? Preußenbild und Preußendiskurs nach 1945 (T. 1-2)
| Titel: | Sehnsucht nach Preußen? Preußenbild und Preußendiskurs nach 1945 (T. 1-2) |
|---|---|
| Verfasser: | |
| In: |
Das Ostpreußenblatt, Band 51, Heft 49 (2000), Seite 14, Abb.; 51. 50 (2000), 12, Abb. alle Artikel anzeigen |
| Veröffentlicht: | 2000 |
| Format: | Aufsatz |
| Sprache: | Deutsch |
X
alg: 39169844 001A $01999:11-11-16 001B $01999:12-03-21 $t19:05:27.000 001C $06050:19-11-16 $t09:17:45.000 001D $01999:11-11-16 001U $0utf8 001X $00 002@ $0Aox 003@ $0391698443 007A $0391698443 $aHEB 007T $0Herd38788 010@ $ager 011@ $a2000 021A $aSehnsucht nach Preußen? Preußenbild und Preußendiskurs nach 1945 (T. 1-2) 028A $aKroll $dFrank-Lothar 031A $d51 $e49 $h14, Abb.; 51. 50 (2000), 12, Abb. $j2000 039B $aIn $8--Abvc--. Das @Ostpreußenblatt. - Hamburg : Landsmannschaft, 1950-2003. - ISSN 0947-9597 $x200000000510049986 $9047780835 045F $a907.2094382 $eDDC23BSB 045F/01 $a907.2 045F/03 $g4382 045F/03 $g43832 045T $a7,41 $a8,1 lok: 39169844 78 exp: 39169844 78 1 #EPN 201B/01 $019-04-17 $t10:20:37.000 201U/01 $0utf8 203@/01 $0787793140 208@/01 $a11-11-16 $be 209A/01 $a/ $f000 $x00 220C/01 $aTitelaufnehmer: mt 244Z/01 $2Trx $#Prusy Wschodnie i Zachodnie $8--Trx--Ost- und Westpreußen $x01 $939113373X 244Z/01 $aGeschichte 1945-2000 $x02 244Z/01 $2Trx $#historiograafia, Preisi $#Prūsijos istoriografija $#Prussian Historiographie $#történettudomány, porosz $#historiografia pruska $#historiografia pruská $#historiografie pruská $8--Trx--Historiographie, preußische $x03 $9391370502 244Z/01 $2Trx $8--Trx--Zeitschriftenaufsatz $x04 $9391384341 245Z/01 $a01.04 $x01 247C/01 $82080>Marburg/Lahn, Herder-Institut, Forschungsbibliothek, Bibliographieportal $9336309341
| LEADER | 00000caa a22000002c 4500 | ||
|---|---|---|---|
| 001 | 391698443 | ||
| 003 | DE-603 | ||
| 005 | 20210312190527.0 | ||
| 007 | tu | ||
| 008 | 161111s2000 xx |||| | u00||u|ger c | ||
| 035 | |a (DE-599)HEB391698443 | ||
| 040 | |a DE-603 |b ger |c DE-603 |d DE-603 | ||
| 041 | |a ger | ||
| 082 | 0 | 4 | |8 1\u |a 907.2094382 |q DE-101 |2 23/BSB |
| 084 | |a 7,41 |a 8,1 |2 ssgn | ||
| 085 | |8 1\u |b 907.2 | ||
| 085 | |8 1\u |z 2 |s 4382 | ||
| 085 | |8 1\u |z 2 |s 43832 | ||
| 100 | 1 | |a Kroll, Frank-Lothar | |
| 245 | 0 | 0 | |a Sehnsucht nach Preußen? Preußenbild und Preußendiskurs nach 1945 (T. 1-2) |
| 264 | 0 | |c 2000 | |
| 773 | 0 | 8 | |i In |t Das Ostpreußenblatt |d Hamburg : Landsmannschaft, 1950-2003 |x 0947-9597 |g Band 51, Heft 49 (2000), Seite 14, Abb.; 51. 50 (2000), 12, Abb. |w (DE-603)047780835 |w (DE-600)529299-2 |
| 924 | 0 | |9 2080 |a (DE-603)787793140 |b DE-2080 |c HES |d d |g / | |


